| 000 | 00495nam a22001697a 4500 | ||
|---|---|---|---|
| 005 | 20251108164018.0 | ||
| 008 | 250721s1964 xx 000 0 ara d | ||
| 082 | 1 | 4 | _a137/ل |
| 100 | 1 | _aلنتون، رالف | |
| 245 | 1 | 0 | _aالأصول الحضارية للشخصية / |
| 264 | 1 |
_aبيروت : _bدار اليقظة العربية، _c1964. |
|
| 300 | _a205ص | ||
| 650 | 1 | 7 | _aالشخصية |
| 700 | 1 |
_aاللبان، عبد الرحمن _eترجمة |
|
| 942 |
_2ddc _cBK |
||
| 999 |
_c1401 _d1401 |
||